[Event "POL-chT3 Kujawsko Pomorskie 1213"]
[Site "Poland"]
[Date "2013.02.10"]
[Round "8.29"]
[White "Karpinski, Bartlomiej"]
[Black "Oledzka, Magdalena"]
[Result "0-1"]
[WhiteElo "1777"]
[BlackElo "1982"]
[PlyCount "50"]
[EventDate "2012.11.04"]
[EventType "team-tourn"]
[EventRounds "11"]
[EventCountry "POL"]
[SourceTitle "EXT 2015"]
[Source "ChessBase"]
[SourceDate "2014.11.20"]
[SourceVersion "1"]
[SourceVersionDate "2014.11.20"]
[SourceQuality "1"]
[WhiteTeam "Bydgoszcz Emdek"]
[BlackTeam "Bydgoszcz SSz Pocztowiec"]
[WhiteTeamCountry "POL"]
[BlackTeamCountry "POL"]

1. e4 c6 2. Nc3 d5 3. exd5 cxd5 4. d4 Nf6 5. Bf4 a6 6. Nf3 Nc6 7. h3 Bf5 8. Bd3 Be4 9. Be3 e6 10. Bxe4 dxe4 11. Nd2 Bb4 12. 0-0 Bxc3 13. bxc3 Qa5 14. Nc4 Qc7 15. a4 Nd5 16. Qd2 Nce7 17. Ne5 f6 18. Ng4 0-0 19. g3 Nf5 20. Bf4 Qxc3 21. Rfd1 Rac8 22. Rab1 b6 23. Rbc1 Rc4 24. Ne3 Nfxe3 25. fxe3 Rxa4 0-1

[Event "POL-chT3 1112"]
[Site "Poland"]
[Date "2012.02.12"]
[Round "6.24"]
[White "Oledzka, Magdalena"]
[Black "Turzynska, Grazyna"]
[Result "1-0"]
[WhiteElo "1979"]
[BlackElo "1536"]
[PlyCount "61"]
[EventDate "2011.11.06"]
[EventType "team-tourn"]
[EventRounds "11"]
[EventCountry "POL"]
[SourceTitle "EXT 2015"]
[Source "ChessBase"]
[SourceDate "2014.11.20"]
[SourceVersion "1"]
[SourceVersionDate "2014.11.20"]
[SourceQuality "1"]
[WhiteTeam "Bydgoszcz Chemik II"]
[BlackTeam "Chojnice UKS Osemka"]
[WhiteTeamCountry "POL"]
[BlackTeamCountry "POL"]

1. d4 Nf6 2. c4 d5 3. Nf3 c6 4. Nc3 e6 5. Bg5 Nbd7 6. e3 Be7 7. Rc1 0-0 8. Bd3 dxc4 9. Bxc4 b5 10. Bd3 a5 11. 0-0 b4 12. Na4 Bb7 13. Qe2 Nd5 14. Bxe7 Qxe7 15. Nc5 Nxc5 16. Rxc5 f6 17. Rfc1 Kh8 18. Qc2 g5 19. Nd2 g4 20. Nc4 a4 21. Na5 b3 22. axb3 Nb4 23. Qd2 Nxd3 24. Qxd3 Rf7 25. bxa4 f5 26. Nxb7 Qxb7 27. b3 Raf8 28. Rxc6 f4 29. exf4 Qb8 30. g3 Qd8 31. Rxe6 1-0